000 00608cam a2200229 a 4500
001 1932599
005 20180215032002.0
008 860416s1986 moua b 001 0 eng c
010 _a 86008629
020 _a0801640806
040 _aDNLM/DLC
_cDLC
_dDLC
041 _aeng
060 _aWE 168 B823h
080 _a617.3
082 0 0 _a617.3 BRA
_219
100 1 _a6
101 _aKIR
245 1 0 _aHandbook of orthopaedic surgery /
_cH. Robert Brashear, Jr., R. Beverly Raney, Sr.
504 _aBibliography: p. 498-526.
906 _a7
_bcbc
_corignew
_d1
_eocip
_f19
_gy-gencatlg
942 _2ddc
_cBK
999 _c42553
_d42553